| 000 | 02435nam a22003495i 4500 | ||
|---|---|---|---|
| 999 |
_c27675 _d27646 |
||
| 003 | EG-ScBUE | ||
| 005 | 20191013142916.0 | ||
| 008 | 191008s2018 sz a f b 001 0 eng d | ||
| 020 | _a9783319887050 | ||
| 040 |
_aEG-ScBUE _beng _erda _cEG-ScBUE _dEG-ScBUE |
||
| 043 |
_af-ua--- _af-ti--- _aa-jo--- |
||
| 082 | 0 | 4 |
_a909.097492708312 _bTET _222 |
| 100 | 1 |
_aTeti, Andrea, _eauthor. |
|
| 245 | 1 | 4 |
_aThe Arab uprisings in Egypt, Jordan and Tunisia : _bsocial, political and economic transformations / _cAndrea Teti, Pamela Abbott, Francesco Cavatorta. |
| 264 | 1 |
_aCham, Switzerland : _b Palgrave Macmillan, _c2018. |
|
| 300 |
_axv, 142 pages : _billustrations ; _c24 cm. |
||
| 336 |
_atext _btxt _2rdacontent |
||
| 337 |
_aunmediated _bn _2rdamedia |
||
| 338 |
_avolume _bnc _2rdacarrier |
||
| 490 | 0 | _aReform and transition in the Mediterranean | |
| 490 | 0 | _aPalgrave pivot | |
| 504 | _aIncludes bibliographical references and index. | ||
| 520 | _aThe Arab Uprisings were unexpected events of rare intensity in Middle Eastern history - mass, popular and largely non-violent revolts which threatened and in some cases toppled apparently stable autocracies. This volume provides in-depth analyses of how people perceived the socio-economic and political transformations in three case studies epitomising different post-Uprising trajectories - Tunisia, Jordan and Egypt - and drawing on survey data to explore ordinary citizens' perceptions of politics, security, the economy, gender, corruption, and trust. The findings suggest the causes of protest in 2010-2011 were not just political marginalisation and regime repression, but also denial of socio-economic rights and regimes failure to provide social justice. Data also shows these issues remain unresolved, and that populations have little confidence governments will deliver, leaving post-Uprisings regimes neither strong nor stable, but fierce and brittle. This analysis has direct implications both for policy and for scholarship on transformations, democratization, authoritarian resilience and 'hybrid regimes'. | ||
| 650 | 7 |
_aArab Spring, 2010- _2BUEsh |
|
| 651 | 7 |
_aMiddle East _xPolitics and government _y21st century. _2BUEsh |
|
| 651 | 7 |
_aMiddle East _xSocial conditions _y21st century. _2BUEsh _922774 |
|
| 653 |
_bMASPPSS _cOctober2019 |
||
| 655 | _vReading book | ||
| 700 | 1 |
_aAbbott, Pamela, _eauthor. |
|
| 700 | 1 |
_aCavatorta, Francesco, _eauthor. |
|
| 942 |
_2ddc _cBB |
||